书目信息 |
| 题名: |
博客
|
|
| 作者: | 休伊特 著 ;杨竹山 , 潘浩 译 | |
| 分册: | ||
| 出版信息: | 北京 中国铁道出版社 2006.08 |
|
| 页数: | 183页 | |
| 开本: | 24cm | |
| 丛书名: | ||
| 单 册: | ||
| 中图分类: | G206.2 | |
| 科图分类: | ||
| 主题词: | 互联网格--传播媒介--简介 | |
| 电子资源: | ||
| ISBN: | 7-113-07181-3 | |
| 000 | 00920nam0 2200253 450 | |
| 001 | 1054344774 | |
| 005 | 20100729151112.45 | |
| 010 | @a7-113-07181-3@dCNY25.00 | |
| 100 | @a20100515d2006 km y0chiy0120 ea | |
| 101 | 0 | @achi |
| 102 | @aCN@b110000 | |
| 105 | @ay z 000yy | |
| 200 | 1 | @a博客@Abo ke@e信息革命最前沿的定位@f(美) 休·休伊特著@F(mei)xiu·xiu yi te zhu@g杨竹山, 潘浩译@Gyang zhu shan,pan hao yi |
| 210 | @a北京@c中国铁道出版社@d2006.08 | |
| 215 | @a183页@d24cm | |
| 330 | @a本书以生动的案例描述了博客如何改变美国的,并借助这些案例详细地阐述了博客带来的变革以及应对策略,如新媒体的兴起、博客营销等。 | |
| 517 | 1 | @a信息革命最前沿的定位@Axin xi ge ming zui qian yan de ding wei |
| 606 | 0 | @a互联网格@x传播媒介@x简介 |
| 690 | @aG206.2@v4 | |
| 701 | 1 | @a休伊特@Axiu yi te@4著 |
| 702 | 0 | @a杨竹山@Ayang zhu shan@4译 |
| 702 | 0 | @a潘浩@Apan hao@4译 |
| 801 | 0 | @aCN@c20100515 |
| 905 | @dG206.2@eX657@f3 | |
| 博客:信息革命最前沿的定位/(美) 休·休伊特著/杨竹山, 潘浩译.-北京:中国铁道出版社,2006.08 |
| 183页;24cm |
| ISBN 7-113-07181-3:CNY25.00 |
| 本书以生动的案例描述了博客如何改变美国的,并借助这些案例详细地阐述了博客带来的变革以及应对策略,如新媒体的兴起、博客营销等。 |
| ● |
| 相关链接 |
|
|
|
正题名:博客
索取号:G206.2/X657
 
预约/预借
| 序号 | 登录号 | 条形码 | 馆藏地/架位号 | 状态 | 备注 |
| 1 | 993936 | 209939361 | 社科库409/409社科库 57排3列4层/ [索取号:G206.2/X657] | 在馆 | |
| 2 | 993937 | 209939370 | 社科库409/409社科库 57排3列4层/ [索取号:G206.2/X657] | 在馆 | |
| 3 | 993938 | 209939389 | 社科库409/309社科库 84排2列4层/ [索取号:G206.2/X657] | 在馆 |